00576 2200241 4500001002100000008004100021035002000062245004200082100001900124250001700143260003300160300002000193020002200213084001600235082001000251650001900261990000900280990000900289990000900298990000900307990000900316990000900325INLIS000000000000604 ind  a0010-0425000604 aPandu Sahabat PramukacMaya Rohmayati aMaya Rohmayati aCetakan ke-5 aDepok :bCV Arya Duta,c2021 a82 hlm.c21 cm. a978-979-094-781-8 a372.6 MAY p a372.6 aMaya Rohmayati a1617 a1618 a1619 a1620 a4790 a4789